God of War Ragnarok Realm Symbols - Statistics

General Stats
  • This quiz has been taken 77 times
  • The average score is 7 of 9
Answer Stats
Picture Answer % Correct
Midgard
97%
Helheim
89%
Muspelheim
85%
Jotunheim
82%
Niflheim
82%
Vanaheim
80%
Alfheim
79%
Svartalfheim
61%
Sindri's House
28%
No matching quizzes found
Score Distribution
Percent of People with Each Score
Percentile by Number Answered
Your Score History
You have not taken this quiz